Групповой состав органического вещества торфа; Химия и химическая технология в XXI веке; Т. 1

Podrobná bibliografie
Parent link:Химия и химическая технология в XXI веке: материалы XII Всероссийской научно-практической конференции студентов и молодых ученых с международным участием, Томск, 11-13 мая 2011 г./ Национальный исследовательский Томский политехнический университет (ТПУ), Институт природных ресурсов (ИПР).— , 2011
Т. 1.— 2011.— [С. 312-313]
Hlavní autor: Сабельфельд А. Г.
Další autoři: Куташова С. М. (научный руководитель), Михайличенко М. В., Малиновская Л. А.
Shrnutí:Заглавие с титульного листа
Электронная версия печатной публикации
Jazyk:ruština
Vydáno: 2011
Edice:Секция 3. Теоретические и прикладные аспекты физической и аналитической химии
Témata:
On-line přístup:http://www.lib.tpu.ru/fulltext/v/Conferences/2011/C5/C5a161.pdf
Médium: MixedMaterials Elektronický zdroj Kapitola
KOHA link:https://koha.lib.tpu.ru/cgi-bin/koha/opac-detail.pl?biblionumber=209711

MARC

LEADER 00000naa2a2200000 4500
001 209711
005 20260219092800.0
035 |a (RuTPU)RU\TPU\book\229053 
035 |a RU\TPU\book\229049 
090 |a 209711 
100 |a 20120215d2011 k y0rusy50 ca 
101 0 |a rus 
102 |a RU 
135 |a drnn ---uucaa 
181 0 |a i  
182 0 |a b 
200 1 |a Групповой состав органического вещества торфа  |f А. Г. Сабельфельд, С. М. Куташова, М. В. Михайличенко  |g науч. рук. Л. А. Малиновская 
203 |a Текст  |c электронный 
215 |a 1 файл (398 Кб) 
225 1 |a Секция 3. Теоретические и прикладные аспекты физической и аналитической химии 
300 |a Заглавие с титульного листа 
300 |a Электронная версия печатной публикации 
320 |a [Библиогр.: с. 313 (2 назв.)] 
337 |a Adobe Reader 
461 1 |0 (RuTPU)RU\TPU\book\218704  |t Химия и химическая технология в XXI веке  |o материалы XII Всероссийской научно-практической конференции студентов и молодых ученых с международным участием, Томск, 11-13 мая 2011 г.  |o в 2 т.  |f Национальный исследовательский Томский политехнический университет (ТПУ), Институт природных ресурсов (ИПР)  |d 2011 
463 1 |0 (RuTPU)RU\TPU\book\218882  |t Т. 1  |v [С. 312-313]  |d 2011 
610 1 |a торфяные месторождения 
610 1 |a торф 
610 1 |a органические вещества 
610 1 |a групповой состав 
610 1 |a Васюганское болото 
610 1 |a Томская область 
610 1 |a электронный ресурс 
700 1 |a Сабельфельд  |b А. Г. 
701 1 |a Куташова  |b С. М. 
701 1 |a Михайличенко  |b М. В. 
702 1 |a Малиновская  |b Л. А.  |4 727 
801 1 |a RU  |b 63413507  |c 20120118 
801 2 |a RU  |b 63413507  |c 20130218  |g RCR 
856 4 |u http://www.lib.tpu.ru/fulltext/v/Conferences/2011/C5/C5a161.pdf 
942 |c CF